| 000 | 00388nam a2200133Ia 4500 | ||
|---|---|---|---|
| 008 | 231221s9999 xx 000 0 und d | ||
| 020 | _a978-1-4471-4866-1 | ||
| 041 | _aEnglish | ||
| 100 | _aPeter Rausch, Alaa F. Sheta, Aladdin Ayesh | ||
| 245 | 0 | _aBusiness Intelligence and Performance Management | |
| 260 |
_c2013 _bSpringer US _aNew York |
||
| 650 | _aComputer Science | ||
| 942 | _cEB | ||
| 999 |
_c218694 _d218694 |
||